[Event "9. Lichtenberger Sommer 2010"]
[Site "Berlin"]
[Date "2010.08.14"]
[Round "8.73"]
[White "Fuchs, Jörg"]
[Black "Koppitz, Sebastian"]
[Result "1-0"]
[WhiteElo "1873"]
[BlackElo "1059"]
[PlyCount "47"]
[EventDate "2010.??.??"]
[WhiteTeam "SC Kreuzberg e.V."]
[BlackTeam "TSG Rot-Weiß Fredersdorf/Vogelsd"]

1. e4 c5 2. Nf3 d6 3. Bb5+ Bd7 4. Bxd7+ Qxd7 5. c4 Nc6 6. Nc3 Nf6 7. d4 cxd4 8.
Nxd4 g6 9. O-O Bg7 10. Nde2 O-O 11. f3 Rfc8 12. b3 a6 13. a4 Qc7 14. Kh1 Nb4
15. Rb1 Nd7 16. Ba3 Qb6 17. Bxb4 Qxb4 18. Nd5 Qc5 19. Nxe7+ Kf8 20. Nxc8 Rxc8
21. Qd5 Qxd5 22. exd5 Re8 23. Ng3 Bd4 24. Ne4 1-0

[Event "9. Lichtenberger Sommer 2010"]
[Site "Berlin"]
[Date "2010.08.14"]
[Round "8.74"]
[White "Mühlhan, Klaus"]
[Black "Amelang, Thomas"]
[Result "1/2-1/2"]
[WhiteElo "1932"]
[BlackElo "2153"]
[PlyCount "47"]
[EventDate "2010.??.??"]
[WhiteTeam "SC Empor Potsdam 1952 e.V."]
[BlackTeam "SK Siemens München"]

1. e4 g6 2. d4 Bg7 3. Be3 c5 4. c3 Qb6 5. Qb3 Qxb3 6. axb3 cxd4 7. Bxd4 Bxd4 8.
cxd4 Nc6 9. Nf3 d5 10. e5 Bg4 11. Bb5 Bxf3 12. gxf3 Kd7 13. Kd2 e6 14. Bxc6+
Kxc6 15. Rc1+ Kd7 16. Nc3 Ne7 17. Nb5 Nc6 18. Ke3 f6 19. f4 g5 20. fxg5 fxe5
21. dxe5 h6 22. gxh6 Rxh6 23. Rg1 Nxe5 24. Rxa7 1/2-1/2

[Event "9. Lichtenberger Sommer 2010"]
[Site "Berlin"]
[Date "2010.08.14"]
[Round "8.75"]
[White "Kasper, Peter"]
[Black "Slepuschkin, Shenis"]
[Result "0-1"]
[WhiteElo "1846"]
[BlackElo "2099"]
[PlyCount "46"]
[EventDate "2010.??.??"]
[WhiteTeam "SG Eckturm"]
[BlackTeam "SK Zehlendorf e.V."]

1. e4 e6 2. d4 d5 3. exd5 exd5 4. Nf3 Nc6 5. Be2 Bd6 6. O-O Bg4 7. Bg5 f6 8.
Bh4 Nge7 9. Bg3 Bxg3 10. fxg3 Qd6 11. a3 h5 12. Nbd2 O-O-O 13. Nh4 Bxe2 14.
Qxe2 Nxd4 15. Qd3 Ndc6 16. Nf5 Nxf5 17. Qxf5+ Qd7 18. Qf2 Qg4 19. c3 Kb8 20. b4
Ne5 21. Nb3 h4 22. Rad1 hxg3 23. hxg3 Rh1+ 0-1

[Event "9. Lichtenberger Sommer 2010"]
[Site "Berlin"]
[Date "2010.08.14"]
[Round "8.76"]
[White "Krebs, Alexander"]
[Black "Schneider, Eckehard"]
[Result "1-0"]
[WhiteElo "1884"]
[BlackElo "1762"]
[PlyCount "59"]
[EventDate "2010.??.??"]
[WhiteTeam "Ueberstorf"]
[BlackTeam "Sfrd. Berlin 1903 e.V."]

1. d4 Nf6 2. c4 e6 3. Nc3 Bb4 4. Bd2 O-O 5. a3 Bxc3 6. Bxc3 Ne4 7. Qc2 Nxc3 8.
Qxc3 b6 9. Nf3 Bb7 10. g3 d6 11. Bg2 Nd7 12. O-O Nf6 13. Nd2 Bxg2 14. Kxg2 Re8
15. b4 Qd7 16. Rac1 e5 17. e3 Re7 18. Nf3 Ne4 19. Qd3 exd4 20. exd4 f5 21. Rfe1
Rf8 22. Re2 Qe8 23. Rce1 Qg6 24. Nh4 Qh5 25. f3 g5 26. Nxf5 Rxf5 27. Rxe4 Rxe4
28. Qxe4 Qf7 29. Qe8+ Kg7 30. Re7 1-0

[Event "9. Lichtenberger Sommer 2010"]
[Site "Berlin"]
[Date "2010.08.14"]
[Round "8.78"]
[White "Stiewe, Frank"]
[Black "Metin, Altug"]
[Result "1-0"]
[WhiteElo "1379"]
[BlackElo "1748"]
[PlyCount "101"]
[EventDate "2010.??.??"]
[WhiteTeam "vereinslos"]
[BlackTeam "vereinslos"]

1. e4 e5 2. Nf3 Nf6 3. Nc3 Nc6 4. Bb5 Bc5 5. Bxc6 bxc6 6. O-O d6 7. h3 O-O 8.
d3 Rb8 9. Na4 Bb6 10. b3 h6 11. c4 Ba5 12. Ba3 Re8 13. Rb1 c5 14. Bc1 Bd7 15.
Nb2 Bb4 16. Qc2 Rb6 17. Nd1 Qe7 18. a3 Ba5 19. Bd2 Bxd2 20. Nxd2 Reb8 21. Nc3
a5 22. a4 c6 23. Ne2 Nh5 24. f4 exf4 25. Nxf4 Qg5 26. Nxh5 Qxh5 27. Rf3 Be6 28.
Qc3 Ra6 29. Rbf1 Ra7 30. Rg3 f6 31. Qxf6 Re8 32. Qc3 Ree7 33. Rf6 Qh4 34. Kh2
Kh7 35. Rfg6 Qf4 36. Nf3 Kh8 37. Ng1 h5 38. Ne2 Qf2 39. Ng1 Qf4 40. Ne2 Qf2 41.
Qb2 Kh7 42. Rf3 Qh4 43. Nf4 Bg4 44. g3 Qxh3+ 45. Nxh3 Kxg6 46. Rf8 Rab7 47.
Nf4+ Kh7 48. Ng2 Bd1 49. Qf2 Rxb3 50. Qf5+ Kh6 51. Rh8# 1-0

[Event "9. Lichtenberger Sommer 2010"]
[Site "Berlin"]
[Date "2010.08.14"]
[Round "8.79"]
[White "Casny, Guenter"]
[Black "Mildenberger, Hans"]
[Result "1-0"]
[WhiteElo "1889"]
[BlackElo "1625"]
[PlyCount "179"]
[EventDate "2010.??.??"]
[WhiteTeam "SC Rochade e.V."]
[BlackTeam "BVG Helmholz"]

1. e4 e6 2. d4 d5 3. Nd2 c5 4. exd5 Qxd5 5. Ndf3 cxd4 6. Qxd4 Qxd4 7. Nxd4 Nf6
8. Bg5 Be7 9. Nb5 Na6 10. c3 O-O 11. Bxf6 Bxf6 12. Nf3 b6 13. Be2 Nc5 14. O-O
a6 15. Nbd4 Bb7 16. Rfd1 Rad8 17. Nb3 Na4 18. Nfd4 Nxb2 19. Rd2 Na4 20. c4 Nc5
21. f3 Rd7 22. Rad1 Rfd8 23. Nxc5 bxc5 24. Nb3 Rxd2 25. Rxd2 Rxd2 26. Nxd2 Bd4+
27. Kf1 f6 28. Bd3 h6 29. Ke2 Kf7 30. Nb3 e5 31. Bf5 g6 32. Bc2 f5 33. Na5 Ba8
34. Ba4 Ke6 35. Be8 g5 36. h3 Kd6 37. Bg6 f4 38. Bf5 Kc7 39. Kd3 Kb6 40. Nb3
Bc6 41. Nd2 Ka5 42. Bc8 Kb6 43. Nb3 Bb7 44. Bxb7 Kxb7 45. Kc2 Kb6 46. Nc1 Kc6
47. Kd3 Kd6 48. Nb3 Ke6 49. Ke4 Bg1 50. a4 Bd4 51. Na5 Bc3 52. Nb3 Bd4 53. Nd2
Bc3 54. Nb3 Bd4 55. Nc1 Bb2 56. Nd3 Bd4 57. Ne1 Bf2 58. Nc2 Bd4 59. Na3 Bc3 60.
Kd3 Bd4 61. Nb1 Kf5 62. Nd2 Be3 63. Nb3 Bd4 64. Na5 h5 65. Nb7 g4 66. hxg4+
hxg4 67. Nd6+ Kg6 68. Ke4 Kg5 69. Nf7+ Kf6 70. Nd6 gxf3 71. gxf3 Kg5 72. Nb7
Kh4 73. Nd8 Kg3 74. Nc6 Kf2 75. Nb8 a5 76. Nc6 Bc3 77. Nd8 Bd4 78. Ne6 Kg3 79.
Nc7 Kf2 80. Nd5 Kg3 81. Nf6 Kf2 82. Ng4+ Kg3 83. Nh6 Kf2 84. Nf5 Kg2 85. Nd6
Kf2 86. Nb7 Ke2 87. Nxa5 Kd2 88. Nb7 Kc3 89. a5 Kxc4 90. a6 1-0

[Event "9. Lichtenberger Sommer 2010"]
[Site "Berlin"]
[Date "2010.08.14"]
[Round "8.80"]
[White "Schild, Reinhard"]
[Black "Rudolph, Stephanie"]
[Result "0-1"]
[WhiteElo "1696"]
[BlackElo "1890"]
[PlyCount "114"]
[EventDate "2010.??.??"]
[WhiteTeam "SG Weißensee 49 e.V."]
[BlackTeam "SC Friesen Lichtenberg e.V."]

1. d4 d5 2. Nf3 Nf6 3. e3 c6 4. Bd3 Bg4 5. Nbd2 e6 6. O-O Bd6 7. c3 Nbd7 8. e4
dxe4 9. Nxe4 Nxe4 10. Bxe4 Nf6 11. Qc2 Qc7 12. h3 Bh5 13. Re1 O-O-O 14. Qe2
Rhg8 15. Bg5 h6 16. Bd2 g5 17. g4 Bg6 18. Bxg6 Rxg6 19. Ne5 Rg7 20. Rad1 Nd7
21. f4 gxf4 22. Bxf4 h5 23. Bh6 Rh7 24. g5 Rg8 25. Kh1 f6 26. Nxd7 Qxd7 27.
Qxe6 Kc7 28. h4 Qxe6 29. Rxe6 fxg5 30. Bxg5 Rf8 31. Rf6 Rxf6 32. Bxf6 Rf7 33.
Rf1 Kd7 34. Kg2 Ke6 35. Bh8 Rxf1 36. Kxf1 Kf5 37. Ke2 Be7 38. Kf3 Bxh4 39. c4
Bf6 40. Bxf6 Kxf6 41. Kf4 h4 42. Kg4 a5 43. a4 h3 44. Kxh3 Kf5 45. Kg3 Ke4 46.
d5 cxd5 47. cxd5 Kxd5 48. Kf4 Kc4 49. Ke5 Kb4 50. Kd5 Kxa4 51. Kc5 b5 52. Kb6
Kb4 53. Ka6 a4 54. Kb6 Kc4 55. Ka5 Kc5 56. Ka6 b4 57. Ka5 a3 0-1

[Event "9. Lichtenberger Sommer 2010"]
[Site "Berlin"]
[Date "2010.08.14"]
[Round "8.81"]
[White "Alvarez, Luis"]
[Black "Tolle, Gerd"]
[Result "1-0"]
[WhiteElo "1879"]
[BlackElo "1500"]
[PlyCount "89"]
[EventDate "2010.??.??"]
[WhiteTeam "Schachclub Zug um Zug Everswinke"]
[BlackTeam "SV Gundeldingen"]

1. e4 c5 2. Nf3 d6 3. Bc4 Nf6 4. d3 e6 5. c3 Be7 6. h3 O-O 7. Be3 Nc6 8. O-O a6
9. a4 Rb8 10. Na3 Bd7 11. Bb3 b5 12. axb5 axb5 13. Bc2 Qc7 14. Rc1 Rb7 15. d4
b4 16. Nb1 Ra8 17. b3 Na5 18. c4 Nc6 19. Re1 h6 20. Qd3 cxd4 21. Nxd4 Ne5 22.
Qd1 Qd8 23. f4 Ng6 24. Qf3 Rab8 25. Nd2 e5 26. Ne2 Bc6 27. Ng3 Nh4 28. Qe2 Nh7
29. Red1 Rd7 30. Qg4 Kh8 31. Nf5 Bf6 32. Nxh4 Bxh4 33. Nf3 Bf6 34. Rd2 g6 35.
Rcd1 h5 36. Qg3 Qe7 37. fxe5 dxe5 38. Rxd7 Bxd7 39. Rxd7 Qxd7 40. Nxe5 Qe6 41.
Nxf7+ Kg7 42. Qxb8 Kxf7 43. Qxb4 Ng5 44. Qb5 Nxe4 45. Qb7+ 1-0

[Event "9. Lichtenberger Sommer 2010"]
[Site "Berlin"]
[Date "2010.08.14"]
[Round "8.82"]
[White "Würsig, Mathias"]
[Black "Brylski, Nils"]
[Result "1-0"]
[WhiteElo "1868"]
[BlackElo "1396"]
[PlyCount "63"]
[EventDate "2010.??.??"]
[WhiteTeam "SV Blau-Gelb 1899 Hosena e.V."]
[BlackTeam "Peiner SV"]

1. e4 c5 2. Nf3 Nc6 3. d4 cxd4 4. Nxd4 e5 5. Nb3 Nf6 6. Bd3 Be7 7. O-O O-O 8.
Nc3 b6 9. f4 Bb7 10. Rf3 Nd4 11. Nxd4 exd4 12. Nd5 Nxd5 13. exd5 g6 14. f5 Bxd5
15. Rg3 Bd6 16. Rg4 Qf6 17. Bg5 Qe5 18. Bf4 Qf6 19. Bxd6 Qxd6 20. Rxd4 Qc6 21.
Qg4 Rae8 22. Rf1 Re5 23. Kh1 Qf6 24. fxg6 Qg5 25. gxh7+ Kh8 26. Qh3 Bc6 27.
Rdf4 Re3 28. Qg4 Qxg4 29. Rxg4 Re7 30. Kg1 Bb7 31. Rf5 f6 32. Rxf6 1-0

[Event "9. Lichtenberger Sommer 2010"]
[Site "Berlin"]
[Date "2010.08.14"]
[Round "8.83"]
[White "Reichert, Lutz"]
[Black "Bandsom, Olaf"]
[Result "1/2-1/2"]
[WhiteElo "1778"]
[BlackElo "1779"]
[PlyCount "90"]
[EventDate "2010.??.??"]
[WhiteTeam "Schwarz-Weiß Neukölln e.V."]
[BlackTeam "SC Friesen Lichtenberg e.V."]

1. g3 d5 2. Bg2 e5 3. d3 Bg4 4. c4 c6 5. cxd5 cxd5 6. Qa4+ Bd7 7. Qb3 Bc6 8.
Nf3 Nd7 9. O-O Rc8 10. Nbd2 Ngf6 11. a3 Nc5 12. Qd1 Ncd7 13. b4 a6 14. Bb2 Bd6
15. Rc1 O-O 16. Qc2 Re8 17. Qb1 Qb6 18. Qa1 Re7 19. Rc2 Rce8 20. Rfc1 Ng4 21.
Rf1 f5 22. e4 fxe4 23. dxe4 Bb5 24. Qc1 Bxf1 25. Nxf1 dxe4 26. Ng5 Ndf6 27. h3
Nh6 28. Rc8 Rxc8 29. Qxc8+ Re8 30. Qc4+ Kh8 31. Ne3 Qc7 32. Qb3 Rf8 33. a4 g6
34. Nc4 Rc8 35. Nxd6 Qxd6 36. Nxe4 Nxe4 37. Bxe4 Qe7 38. Qe3 Nf5 39. Bxf5 gxf5
40. Bxe5+ Kg8 41. Qb3+ Qf7 42. Qe3 Re8 43. Qg5+ Qg6 44. Qf4 h6 45. Bc3 Qc6
1/2-1/2

[Event "9. Lichtenberger Sommer 2010"]
[Site "Berlin"]
[Date "2010.08.14"]
[Round "8.84"]
[White "Hesselbarth, Karlheinz"]
[Black "Scheck, Gero"]
[Result "1-0"]
[WhiteElo "1848"]
[BlackElo "1267"]
[PlyCount "83"]
[EventDate "2010.??.??"]
[WhiteTeam "SC Zugzwang 95 e.V."]
[BlackTeam "TSG Oberschöneweide e.V."]

1. d4 Nf6 2. c4 e6 3. Nc3 Bb4 4. e3 c5 5. Bd3 Nc6 6. Nf3 O-O 7. O-O b6 8. Qc2
Qc7 9. Rd1 Bb7 10. Nb5 Qb8 11. a3 Ba5 12. Rb1 a6 13. Nc3 cxd4 14. exd4 Bxc3 15.
bxc3 Qc7 16. Bg5 Rfe8 17. Bxf6 gxf6 18. Bxh7+ Kf8 19. Qd2 Ke7 20. d5 exd5 21.
cxd5 d6 22. dxc6 Bxc6 23. Qe3+ Kd8 24. Qxb6 Qxb6 25. Rxb6 Kc7 26. Rb4 Rh8 27.
Be4 Bxe4 28. Rxe4 Rae8 29. Rxe8 Rxe8 30. Kf1 Kd7 31. Nd4 Rc8 32. Rd3 Rc4 33. g3
Ra4 34. Nc2 Ra5 35. h4 Kc6 36. Ke2 Kd7 37. Kd2 Kc6 38. c4 Kd7 39. Kc3 Kc6 40.
Rd5 Rxd5 41. cxd5+ Kxd5 42. h5 1-0

[Event "9. Lichtenberger Sommer 2010"]
[Site "Berlin"]
[Date "2010.08.14"]
[Round "8.85"]
[White "Berg, Gerd"]
[Black "Radßat, Rene"]
[Result "1-0"]
[WhiteElo "1677"]
[BlackElo "1600"]
[PlyCount "63"]
[EventDate "2010.??.??"]
[WhiteTeam "SK König Tegel 1949 e.V."]
[BlackTeam "SV Bad Schwartau von 1930"]

1. c4 Nf6 2. Nc3 g6 3. d4 Bg7 4. Nf3 O-O 5. e4 d6 6. Be2 Nbd7 7. O-O c5 8. Rb1
Ng4 9. h3 cxd4 10. Nxd4 Nge5 11. Be3 Nb6 12. b3 Nc6 13. Nd5 Kh8 14. Qd2 Bd7 15.
Rfd1 Rc8 16. Nxb6 Qxb6 17. Ne6 Qa6 18. Nxf8 Rxf8 19. Bh6 Qb6 20. Bxg7+ Kxg7 21.
Qc3+ Kg8 22. c5 Qd8 23. cxd6 exd6 24. Rxd6 Qe7 25. Qd3 Bc8 26. Rd1 f5 27. Qc4+
Kg7 28. Qc3+ Kh6 29. Qe3+ f4 30. Qc3 Ne5 31. R1d5 Re8 32. Qd2 1-0

[Event "9. Lichtenberger Sommer 2010"]
[Site "Berlin"]
[Date "2010.08.14"]
[Round "8.86"]
[White "Petersen, Moritz"]
[Black "Ollek, Karl-Heinz"]
[Result "1/2-1/2"]
[WhiteElo "1287"]
[BlackElo "1838"]
[PlyCount "57"]
[EventDate "2010.??.??"]
[WhiteTeam "KSC Strausberg Abt. Schach"]
[BlackTeam "SC Friesen Lichtenberg e.V."]

1. d4 f5 2. e3 Nf6 3. Bd3 e6 4. Nd2 d5 5. b3 Be7 6. Ngf3 O-O 7. O-O Nc6 8. Bb2
Qe8 9. Ne5 Nb4 10. Ndf3 Ne4 11. a3 Nxd3 12. cxd3 Nd6 13. Qc2 g5 14. h3 Qh5 15.
Rac1 c6 16. b4 g4 17. hxg4 fxg4 18. Nh2 Qg5 19. Nhxg4 h5 20. Nh2 Kh7 21. f4 Qg7
22. Qe2 Kh6 23. Rf3 Nf5 24. Rh3 h4 25. Nhg4+ Kh7 26. Qf3 Rh8 27. Kf2 Kg8 28.
Rch1 a5 29. bxa5 1/2-1/2

[Event "9. Lichtenberger Sommer 2010"]
[Site "Berlin"]
[Date "2010.08.14"]
[Round "8.87"]
[White "Nopp, Josef"]
[Black "Möller, Dirk"]
[Result "0-1"]
[WhiteElo "1775"]
[BlackElo "1621"]
[PlyCount "62"]
[EventDate "2010.??.??"]
[WhiteTeam "SV Urfahr"]
[BlackTeam "SC Kreuzberg e.V."]

1. d4 Nf6 2. Nf3 b6 3. e3 e6 4. Bd3 Bb7 5. Nbd2 c5 6. c3 Nc6 7. O-O d5 8. Qe2
Bd6 9. dxc5 bxc5 10. e4 Nxe4 11. Nxe4 dxe4 12. Bxe4 Qe7 13. Qb5 Qc7 14. g3 f5
15. Bc2 O-O 16. Qe2 e5 17. Bb3+ Kh8 18. Ng5 Nd8 19. Nxh7 Qc6 20. f3 Kxh7 21.
Qg2 Nf7 22. Qh3+ Nh6 23. Bg5 Ba6 24. c4 e4 25. fxe4 Qxe4 26. Rae1 Qd4+ 27. Rf2
Bxc4 28. Rd1 Bd3 29. Bc2 c4 30. b3 Bc5 31. Rdd2 Rae8 0-1

[Event "9. Lichtenberger Sommer 2010"]
[Site "Berlin"]
[Date "2010.08.14"]
[Round "8.88"]
[White "Engelhardt, Erhard"]
[Black "Westphal, Julian"]
[Result "1-0"]
[WhiteElo "1799"]
[BlackElo "1698"]
[PlyCount "97"]
[EventDate "2010.??.??"]
[WhiteTeam "SSV Rotation Berlin e.V."]
[BlackTeam "TSG Oberschöneweide e.V."]

1. b4 e5 2. Bb2 d6 3. c4 f5 4. e3 Nf6 5. Nf3 Be7 6. Be2 O-O 7. d3 e4 8. Nfd2
Be6 9. O-O Nbd7 10. Nc3 exd3 11. Bxd3 Ne5 12. Be2 Qe8 13. Nb5 Qd7 14. Nd4 Rae8
15. Qc2 Bd8 16. Rad1 Ng6 17. Bd3 Ng4 18. h3 N4e5 19. Be2 f4 20. Nxe6 Qxe6 21.
Bxe5 dxe5 22. c5 Kh8 23. e4 Rf6 24. f3 Nh4 25. Bc4 Qc8 26. Nb3 Ref8 27. Rd5 Rg6
28. Rf2 Qxh3 29. Rxe5 Nxf3+ 30. Rxf3 Qxf3 31. Nd4 Qe3+ 32. Qf2 Qxf2+ 33. Kxf2
Bf6 34. Rd5 Rd8 35. Ne6 Rxd5 36. exd5 Be5 37. Bd3 Rf6 38. Kf3 Kg8 39. Ke4 Bc3
40. b5 Bb4 41. Kd4 h6 42. Nxc7 f3 43. gxf3 Rxf3 44. Ne6 Kf7 45. Nd8+ Ke7 46.
Nxb7 g5 47. d6+ Ke8 48. Bg6+ Rf7 49. Bxf7+ 1-0

[Event "9. Lichtenberger Sommer 2010"]
[Site "Berlin"]
[Date "2010.08.14"]
[Round "8.89"]
[White "Bensch, Wolfgang"]
[Black "Völler, Lothar"]
[Result "1-0"]
[WhiteElo "1694"]
[BlackElo "1533"]
[PlyCount "87"]
[EventDate "2010.??.??"]
[WhiteTeam "SC Eintracht Berlin e.V."]
[BlackTeam "Freier Sportverein von 1898 Dort"]

1. e4 e5 2. Bc4 Nf6 3. d3 Be7 4. c3 d6 5. h3 O-O 6. Nf3 Nc6 7. Be3 Na5 8. Bb5
a6 9. Ba4 b5 10. Bc2 c5 11. O-O Nc6 12. d4 Bb7 13. d5 Nb8 14. a3 Nbd7 15. Re1
c4 16. Nbd2 Rc8 17. Nf1 Nc5 18. Bxc5 Rxc5 19. Ng3 a5 20. Nf5 Bc8 21. Kh2 Bxf5
22. exf5 Nxd5 23. g3 Nf6 24. Qe2 h6 25. Rad1 Qc7 26. Kg2 a4 27. Rd2 Nh7 28. h4
Nf6 29. Nh2 Qc6+ 30. Kh3 h5 31. f3 Rd5 32. Red1 Rxd2 33. Rxd2 Re8 34. Qe3 Bf8
35. Qe2 d5 36. g4 d4 37. Be4 Nxe4 38. fxe4 dxc3 39. bxc3 hxg4+ 40. Nxg4 Bxa3
41. Rd5 Bd6 42. Qd2 Bc7 43. f6 Qe6 44. Qg5 1-0

[Event "9. Lichtenberger Sommer 2010"]
[Site "Berlin"]
[Date "2010.08.14"]
[Round "8.90"]
[White "Paris, Gerhard"]
[Black "Heldt, Ronny"]
[Result "0-1"]
[WhiteElo "1654"]
[BlackElo "1611"]
[PlyCount "88"]
[EventDate "2010.??.??"]
[WhiteTeam "TSG Oberschöneweide e.V."]
[BlackTeam "SC Kreuzberg e.V."]

1. e4 e6 2. d4 d5 3. e5 c5 4. c3 a6 5. Nf3 Bd7 6. Be2 cxd4 7. Nxd4 Ne7 8. O-O
Nec6 9. Nf3 Bc5 10. b4 Bb6 11. Qc2 Bc7 12. Bf4 Ne7 13. Bg5 Nbc6 14. Bd3 Nxe5
15. Nxe5 Bxe5 16. f4 Qb6+ 17. Kh1 Bd6 18. Nd2 Rc8 19. Rae1 Bxb4 20. Nb1 f6 21.
Bh4 d4 22. Bf2 Qd6 23. Bxd4 Nd5 24. Bxh7 Kf8 25. g3 Nxc3 26. Bxc3 Bxc3 27. Nxc3
Qc6+ 28. Be4 Qxc3 29. Qxc3 Rxc3 30. Kg1 Bc6 31. Bxc6 Rxc6 32. Rc1 Ke7 33. Rxc6
bxc6 34. Rb1 Rd8 35. Rb2 c5 36. Kg2 Rd7 37. Kh3 Rc7 38. a4 c4 39. a5 c3 40. Rc2
Kd6 41. Kg2 Kd5 42. Kf3 Kd4 43. Re2 c2 44. Re4+ Kc5 0-1

[Event "9. Lichtenberger Sommer 2010"]
[Site "Berlin"]
[Date "2010.08.14"]
[Round "8.91"]
[White "Meinicke, Kurt"]
[Black "Mako, Attila"]
[Result "0-1"]
[WhiteElo "1120"]
[BlackElo "1747"]
[PlyCount "106"]
[EventDate "2010.??.??"]
[WhiteTeam "vereinslos"]
[BlackTeam "BSC Rehberge 1945 e.V."]

1. d4 d5 2. c4 e6 3. Nf3 Nf6 4. Bg5 Be7 5. Nc3 dxc4 6. e4 Nbd7 7. Bxc4 Nb6 8.
Bb3 c6 9. Bxf6 Bxf6 10. e5 Be7 11. O-O Nd5 12. Qd3 O-O 13. Bc2 g6 14. Qd2 f6
15. Ne4 Rf7 16. Rad1 Qf8 17. a3 Bd7 18. h3 Rc8 19. Nh2 f5 20. Ng5 Bxg5 21. Qxg5
c5 22. f4 Ne3 23. d5 exd5 24. Bb3 c4 25. Rf3 Nxd1 26. Bxd1 d4 27. Rg3 b5 28.
Bh5 Be8 29. Bxg6 hxg6 30. Qxg6+ Rg7 31. Qe6+ Bf7 32. Rxg7+ Kxg7 33. Qf6+ Kh7
34. Qxf5+ Bg6 35. Qd7+ Kh8 36. Qxd4 Qc5 37. Nf3 Qxd4+ 38. Nxd4 a6 39. f5 Be8
40. Kf2 c3 41. bxc3 Rxc3 42. e6 Kg7 43. Nf3 Rxa3 44. g4 b4 45. g5 Rxf3+ 46.
Kxf3 b3 47. h4 b2 48. f6+ Kh8 49. f7 Bxf7 50. exf7 Kg7 51. g6 b1=Q 52. h5 Qf5+
53. Kg3 Qxh5 0-1

[Event "9. Lichtenberger Sommer 2010"]
[Site "Berlin"]
[Date "2010.08.14"]
[Round "8.92"]
[White "Winz, Michael"]
[Black "Laurin, Dirk"]
[Result "0-1"]
[WhiteElo "1697"]
[BlackElo "1339"]
[PlyCount "135"]
[EventDate "2010.??.??"]
[WhiteTeam "SC Friesen Lichtenberg e.V."]
[BlackTeam "SG Narva Berlin e.V."]

1. d4 d5 2. c4 e5 3. dxe5 d4 4. Nf3 Nc6 5. g3 Bg4 6. Bg2 Qd7 7. O-O O-O-O 8.
Qb3 Bh3 9. Bf4 Bxg2 10. Kxg2 h6 11. Rd1 g5 12. Bd2 g4 13. Nh4 Nxe5 14. Bf4 Nc6
15. Na3 Be7 16. Nb5 Bxh4 17. gxh4 Nge7 18. Bxc7 Rde8 19. Bg3 Nf5 20. Bf4 a6 21.
Na3 Nxh4+ 22. Kf1 Ne5 23. Qg3 Nf5 24. Qb3 Qc6 25. Kg1 Ng6 26. Qd3 Nxf4 27.
Qxf5+ Ne6 28. Rxd4 Kb8 29. Qe5+ Nc7 30. Qf4 Ka8 31. Qd2 Qf6 32. Rd1 Ne6 33. Re4
Rd8 34. Qc2 Rxd1+ 35. Qxd1 Qxb2 36. Nc2 Rd8 37. Qa1 Qxc2 38. Qe5 Rd1+ 39. Kg2
Qc1 40. Kg3 Rg1+ 41. Kh4 Qd2 42. Re3 Qd8+ 43. Kh5 Qg8 44. Rg3 Rxg3 45. hxg3
Qg6+ 46. Kh4 f6 47. Qh5 Qe4 48. Qxg4 Qh1+ 49. Qh3 Qxh3+ 50. Kxh3 Ka7 51. Kg4
Ng7 52. e4 Kb6 53. Kf4 Kc5 54. e5 fxe5+ 55. Kxe5 Kxc4 56. f4 b5 57. f5 Nxf5 58.
Kxf5 Kb4 59. Kg6 Ka3 60. Kxh6 Kxa2 61. g4 b4 62. g5 b3 63. g6 b2 64. g7 b1=Q
65. g8=Q+ Qb3 66. Qg2+ Ka3 67. Qf1 Qb5 68. Qf5 0-1

[Event "9. Lichtenberger Sommer 2010"]
[Site "Berlin"]
[Date "2010.08.14"]
[Round "8.93"]
[White "Junghänel, Dieter"]
[Black "Kammler, Hans-Joachim"]
[Result "0-1"]
[WhiteElo "1714"]
[BlackElo "1292"]
[PlyCount "70"]
[EventDate "2010.??.??"]
[WhiteTeam "SV Motor Wildau e.V."]
[BlackTeam "SG Eckturm"]

1. b4 e5 2. Bb2 Bxb4 3. Bxe5 Nf6 4. e3 O-O 5. a3 Be7 6. Bc4 d5 7. Bb3 c5 8. Bb2
c4 9. Ba2 Qb6 10. Qc1 Nc6 11. Ne2 Be6 12. Nd4 Rac8 13. Nxc6 Qxc6 14. f3 Rfd8
15. Bd4 b6 16. Nc3 a6 17. Ne2 Rb8 18. c3 Nd7 19. Bb1 Nc5 20. Bxc5 Bxc5 21. h4
f5 22. Qc2 Rf8 23. Nf4 Rbe8 24. Kf2 Bc8 25. g4 g6 26. g5 Re7 27. h5 Qe8 28.
Nxd5 Rxe3 29. Nxe3 f4 30. Qc1 Bb7 31. hxg6 hxg6 32. Rh6 fxe3+ 33. dxe3 Rxf3+
34. Ke2 Rxe3+ 35. Kd2 Qd8+ 0-1

[Event "9. Lichtenberger Sommer 2010"]
[Site "Berlin"]
[Date "2010.08.14"]
[Round "8.94"]
[White "Bauer, Stefan"]
[Black "Jiranek, Benno"]
[Result "1-0"]
[WhiteElo "1684"]
[BlackElo "1399"]
[PlyCount "77"]
[EventDate "2010.??.??"]
[WhiteTeam "SC Kreuzberg e.V."]
[BlackTeam "SC Kreuzberg e.V."]

1. Nf3 Nf6 2. d4 d5 3. Nbd2 g6 4. e3 Bg7 5. b3 a6 6. Bb2 O-O 7. Be2 Re8 8. Ne5
Nbd7 9. f4 Nxe5 10. fxe5 Nd7 11. O-O Nb8 12. Qe1 Bh6 13. Qg3 Bg7 14. Rf2 Rf8
15. Raf1 b6 16. h4 h5 17. Nf3 Bh6 18. Nh2 Be6 19. Bxh5 Kh7 20. Be2 Nd7 21. Bd3
f5 22. Bc1 Rg8 23. Nf3 f4 24. exf4 Qf8 25. Ng5+ Bxg5 26. hxg5 Bf5 27. Qh4+ Kg7
28. g4 Bxd3 29. cxd3 e6 30. f5 Rh8 31. Qg3 Rh7 32. fxg6 Rh1+ 33. Kxh1 Qh8+ 34.
Kg2 Kxg6 35. Rh1 Qe8 36. Rh6+ Kg7 37. Qh4 Qg8 38. g6 Nf8 39. Qe7+ 1-0

[Event "9. Lichtenberger Sommer 2010"]
[Site "Berlin"]
[Date "2010.08.14"]
[Round "8.95"]
[White "Kaufmann, Mathias"]
[Black "Mitschke, Ullrich"]
[Result "0-1"]
[WhiteElo "1569"]
[BlackElo "1429"]
[PlyCount "71"]
[EventDate "2010.??.??"]
[WhiteTeam "vereinslos"]
[BlackTeam "Queer-Springer SSV Berlin"]

1. e4 e6 2. d4 d5 3. exd5 exd5 4. Bf4 Nf6 5. Nd2 Be7 6. Bd3 Be6 7. Ngf3 Nbd7 8.
c3 Nh5 9. Be3 Bd6 10. h3 Nf4 11. Bxf4 Bxf4 12. Qc2 h6 13. O-O Qf6 14. Rfe1 O-O
15. Kf1 c6 16. Re2 Rfe8 17. Rae1 Kf8 18. b3 Bc7 19. Ne5 Nxe5 20. dxe5 Qd8 21.
f4 g6 22. f5 gxf5 23. Bxf5 Ke7 24. Rf2 Qd7 25. Bxe6 fxe6 26. Qh7+ Kd8 27. Rf7
Re7 28. Qh8+ Qe8 29. Rf8 Rf7+ 30. Qf6+ Rxf6+ 31. Rxf6 Qh8 32. Ke2 Ke7 33. Ref1
Bxe5 34. Rf7+ Kd6 35. Rxb7 Bxc3 36. Ne4+ 0-1

[Event "9. Lichtenberger Sommer 2010"]
[Site "Berlin"]
[Date "2010.08.14"]
[Round "8.96"]
[White "Opitz, Stefanie"]
[Black "Schmitt, Jens-Ole"]
[Result "0-1"]
[WhiteElo "1156"]
[BlackElo "1339"]
[PlyCount "92"]
[EventDate "2010.??.??"]
[WhiteTeam "TSG Oberschöneweide e.V."]
[BlackTeam "SG Narva Berlin e.V."]

1. e4 c5 2. Bc4 e6 3. Nc3 a6 4. Nf3 Qc7 5. O-O b5 6. Be2 Bb7 7. e5 Nc6 8. d4
cxd4 9. Nxd4 Nxe5 10. Bf4 d6 11. Bxe5 dxe5 12. Nf3 Rd8 13. Qc1 e4 14. Ng5 Nf6
15. Qe3 Bc5 16. Qh3 O-O 17. Qh4 e3 18. f3 Rd2 19. Bd3 e2+ 20. Kh1 exf1=Q+ 21.
Rxf1 Rxd3 22. cxd3 h6 23. Nge4 Nxe4 24. Nxe4 Be7 25. Qf2 Bxe4 26. dxe4 Rc8 27.
h3 Qc5 28. Qd2 Rd8 29. Qa5 Rd6 30. Qe1 Qc2 31. Rf2 Rd1 32. Rxc2 Rxe1+ 33. Kh2
Rd1 34. Rc6 Rd6 35. Rc8+ Rd8 36. Rc6 Ra8 37. Rb6 Bf6 38. b3 Bd4 39. Rd6 e5 40.
a4 bxa4 41. bxa4 a5 42. Rd5 f6 43. Kg3 Ra7 44. Kg4 Bc3 45. Kf5 Kf7 46. h4 h5
0-1